Procesy integracji językowej na Dolnym Śląsku w 45-leciu powojennym
| Titel: | Procesy integracji językowej na Dolnym Śląsku w 45-leciu powojennym |
|---|---|
| Verfasser: | |
| In: |
Wrocławskie Towarzystwo Naukowe. Komisja Językowa: Rozprawy Komisji Językowej, Band 19 (1993), Seite 89-110 alle Artikel anzeigen |
| Veröffentlicht: | 1993 |
| Format: | Aufsatz |
| Sprache: | Polnisch |
X
alg: 39466979
001A $01999:12-11-16
001B $01999:12-07-19 $t16:13:47.000
001C $06050:19-11-16 $t08:50:35.000
001D $01999:12-11-16
001U $0utf8
001X $00
002@ $0Aox
003@ $0394669797
007A $0394669797 $aHEB
007T $0Herdww001934
010@ $apol
011@ $a1993
021A $aProcesy integracji językowej na Dolnym Śląsku w 45-leciu powojennym
028A $aParyl $dWładysław
031A $d19 $h89-110 $j1993
039B $aIn $8--Abvc--Wrocławskie Towarzystwo Naukowe$bKomisja Językowa [Tb1]. Rozprawy Komisji Językowej. - Wrocław {[u.a.] : Państw. Wydawn. Naukowe, 1959-2015. - ISSN 0084-2990 $x199300000190000911 $9047286199
045T $a7,11 $a7,39
045T $aLING $qDE-30 $2FID
lok: 39466979 78
exp: 39466979 78 1 #EPN
201B/01 $007-12-17 $t23:40:06.000
201U/01 $0utf8
203@/01 $0790780283
208@/01 $a12-11-16 $be
209A/01 $a/ $f000 $x00
220C/01 $aTitelaufnehmer: AH
220C/01 $aHerkunft: IH UWr
244Z/01 $2Trx $#Silesia $#Śląsk $#Sliezsko $#Slezsko $8--Trx--Schlesien $x01 $9391173987
244Z/01 $#Niederschlesien $#Dolny Śląsk $#Dolní Slezsko $74042237-9 $8--Tg1--Niederschlesien $x02 $9085116734
244Z/01 $aGeschichte 1945-1990 $x03
244Z/01 $2Trx $#keeleteadus $#kalbotyra $#Linguistics $#nyelvtudomány $#językoznawstwo $#jazykoveda $#jazykověda $#Linguistik $#lingvistika $8--Trx--Sprachwissenschaft $x04 $939137124X
244Z/01 $2Trx $8--Trx--Zeitschriftenaufsatz $x05 $9391384341
247C/01 $82080>Marburg/Lahn, Herder-Institut, Forschungsbibliothek, Bibliographieportal $9336309341
| LEADER | 00000caa a22000002c 4500 | ||
|---|---|---|---|
| 001 | 394669797 | ||
| 003 | DE-603 | ||
| 005 | 20190712161347.0 | ||
| 007 | tu | ||
| 008 | 161112s1993 xx |||| | u00||u|pol c | ||
| 035 | |a (DE-599)HEB394669797 | ||
| 040 | |a DE-603 |b ger |c DE-603 |d DE-603 | ||
| 041 | |a pol | ||
| 084 | |a 7,11 |a 7,39 |2 ssgn | ||
| 084 | |a LING |q DE-30 |2 fid | ||
| 100 | 1 | |a Paryl, Władysław | |
| 245 | 0 | 0 | |a Procesy integracji językowej na Dolnym Śląsku w 45-leciu powojennym |
| 264 | 0 | |c 1993 | |
| 773 | 0 | 8 | |i In |a Wrocławskie Towarzystwo Naukowe. Komisja Językowa |t Rozprawy Komisji Językowej |d Wrocław [u.a.] : Państw. Wydawn. Naukowe, 1959-2015 |x 0084-2990 |g Band 19 (1993), Seite 89-110 |w (DE-603)047286199 |w (DE-600)205639-2 |
| 924 | 0 | |9 2080 |a (DE-603)790780283 |b DE-2080 |c HES |d d |g / | |


